|
|
|
|
| LEADER |
01173nam a2200277 a 4500 |
| 001 |
3112021 |
| 008 |
100204r19691960enk 000 0 eng d |
| 010 |
|
|
|a 60051546
|
| 040 |
|
|
|a DLC
|c Wa
|d DLC
|d DB-DhAAL
|
| 082 |
0 |
0 |
|a 882.09
|
| 100 |
1 |
|
|a Kitto, H. D. F.
|q (Humphrey Davy Findley)
|
| 245 |
1 |
0 |
|a Form and meaning in drama;
|b a study of six Greek plays and of Hamlet /
|c H. D. F. Kitto
|
| 260 |
|
|
|a London :
|b Methuen,
|c 1960[reprinted 1969]
|
| 300 |
|
|
|a ix, 341 p. ;
|c 21 cm.
|
| 490 |
0 |
|
|a University paperbacks, UP-2
|
| 504 |
|
|
|a Includes index.
|
| 541 |
1 |
|
|e 00009308
|
| 650 |
|
0 |
|a Greek drama (Tragedy)
|x History and criticism.
|
| 650 |
|
0 |
|a Mythology, Greek, in literature.
|
| 650 |
|
0 |
|a Hamlet (Legendary character)
|
| 650 |
|
0 |
|a Literary form
|x History
|y 17th century.
|
| 650 |
|
0 |
|a Literary form
|x History
|y To 1500.
|
| 600 |
1 |
0 |
|a Shakespeare, William,
|d 1564-1616.
|t Hamlet.
|
| 852 |
4 |
|
|a Ayesha Abed Library
|j General Shelf.
|
| 999 |
|
|
|c 7324
|d 7324
|
| 952 |
|
|
|0 0
|1 0
|2 ddc
|4 1
|6 882_090000000000000_KIT_1969
|7 0
|9 7775
|a BRACUL
|b BRACUL
|c SPS
|d 2010-02-04
|l 1
|o 882.09 KIT
|p 3010009308
|r 2013-09-23
|s 2013-09-17
|t 1
|w 2010-02-04
|y BK
|x Photocopy Book. Declared as Damaged on December 10, 2023
|